=LDR 00000nam 2200000 4500 =001 INLIS000000000051712 =005 20210413092746 =035 ##$$a 0010-1017000151 =007 ta =008 210413################g##########0#ind## =082 ##$$a 343.099 4 =084 ##$$a 343.099 4 JUD h =100 #$$a Judhariksawan =245 1#$$a HUkum Penyiaran /$c Dr. Judhariksawan, SH.,MH. =250 ##$$a cet. 2 =260 ##$$a Jakarta :$b Rajawali Pers,$c 2013 =300 ##$$a viii,264 hlm. ; $c 21 x 14 cm =650 #4$$a hukum penyiaran =020 ##$$a 978-979-769-312-1 =504 ##$$a Biografi :hlm.263-264 =990 ##$$a 21303004 =990 ##$$a 21303008 =990 ##$$a 21303006 =990 ##$$a 21303007